AH International Schools' Libraries

Chess for kids / (Record no. 48751)

MARC details
000 -LEADER
fixed length control field 00319nam a2200121 4500
020 ## - INTERNATIONAL STANDARD BOOK NUMBER
International Standard Book Number 9780756618070
100 ## - MAIN ENTRY--PERSONAL NAME
Personal name Basman, Michael.
9 (RLIN) 86195
245 ## - TITLE STATEMENT
Title Chess for kids /
Statement of responsibility, etc Michael Basman.
260 ## - PUBLICATION, DISTRIBUTION, ETC. (IMPRINT)
Place of publication, distribution, etc New York:
Name of publisher, distributor, etc DK;
Date of publication, distribution, etc 2006.
300 ## - PHYSICAL DESCRIPTION
Extent 45 p.
Other physical details col. ill.
Dimensions 27 cm.
650 ## - SUBJECT ADDED ENTRY--TOPICAL TERM
Topical term or geographic name as entry element Chess.
9 (RLIN) 35811
942 ## - ADDED ENTRY ELEMENTS (KOHA)
Source of classification or shelving scheme
Koha item type NON FIC SECTION
Holdings
Withdrawn status Lost status Source of classification or shelving scheme Damaged status Not for loan Collection code Home library Current library Date acquired Total Checkouts Full call number Barcode Date last seen Date checked out Price effective from Koha item type
          Non-Fiction Asian Hope Secondary Library Asian Hope Secondary Library 03/28/2025 1 791.1 BAS 207568 03/03/2026 02/24/2026 03/28/2025 NON FIC SECTION

For any Logos Library related questions please contact Miss Art at swongnarasuk@asianhope.org.

For any Asian Hope Library related questions please contact Miss Raza at graza@asianhope.org.

Powered by Koha